000 00449nam a2200181Ia 4500
008 210210b1948 xxu||||| |||| 00| 0 eng d
041 _aeng
082 _a383/26
100 _aBEACHAM (A)
245 _aEconomics of industrial organization
260 _aLondon
_bSir Isaac Pitman & Sons Ltd.,
_c1948
300 _aviii,179
650 _aorganization
650 _aindustrial
650 _aEconomics
690 _aEconomics
906 _a005222
999 _c125234
_d125234